Dirección y gestión de proyectos : (Record no. 92007)

MARC details
000 -CABECERA
campo de control de longitud fija 00720nam a2200217 a 4500
005 - FECHA Y HORA DE LA ÚLTIMA TRANSACCIÓN
campo de control 20240928063737.0
008 - ELEMENTOS DE LONGITUD FIJA--INFORMACIÓN GENERAL
campo de control de longitud fija 020926s2000 mx r 000 0 spa d
020 ## - NÚMERO INTERNACIONAL NORMALIZADO PARA LIBROS
Número Internacional Estándar del Libro 9701505433
035 ## - NÚMERO DE CONTROL DEL SISTEMA
Número de control de sistema UPN01000119655
049 ## - COLECCIÓN
Colección CG
050 #4 - SIGNATURA TOPOGRÁFICA DE LA BIBLIOTECA DEL CONGRESO
Número de clasificación HD69 P7.5
Número de documento/Ítem D6.2
100 1# - ASIENTO PRINCIPAL--NOMBRE PERSONAL
Nombre de persona Domingo Ajenjo, Alberto
245 10 - MENCIÓN DE TÍTULO
Título Dirección y gestión de proyectos :
Resto del título un enfoque práctico /
Mención de responsabilidad, etc. Alberto Domingo Ajenjo.
260 ## - PUBLICACIÓN, DISTRIBUCIÓN, ETC.
Lugar de publicación, distribución, etc. México :
Nombre del editor, distribuidor, etc. Alfaomega:
-- RA-MA,
Fecha de publicación, distribución, etc. 2000.
300 ## - DESCRIPCIÓN FÍSICA
Extensión xxv, 325 p. :
Otras características físicas il. +
Material acompañante/anejo 1 disquete ; 3 1/2 plg.
500 ## - NOTA GENERAL
Nota general "Incluye disquete"
650 #4 - ASIENTO SECUNDARIO DE MATERIA - TERMINO TEMATICO
Término de materia o nombre geográfico como elemento de entrada Administración de proyectos
9 (RLIN) 493
650 #4 - ASIENTO SECUNDARIO DE MATERIA - TERMINO TEMATICO
Término de materia o nombre geográfico como elemento de entrada Administración de proyectos industriales
9 (RLIN) 345
650 #4 - ASIENTO SECUNDARIO DE MATERIA - TERMINO TEMATICO
Término de materia o nombre geográfico como elemento de entrada Empresas
Subdivisión general Administración
9 (RLIN) 229
905 ## - TIPO DE MATERIAL
Tipo de material Libro
Holdings
Estado de retiro Estado de pérdida Fuente del sistema de clasificación o colocación Estado dañado No para préstamo Código de colección Localización permanente Ubicación/localización actual Ubicación en estantería Total de préstamos Clasificación Código de barras Fecha visto por última vez Número de copia Tipo de ítem Koha
    Library of Congress Classification     Colección General Bib. Gregorio Torres Quintero Bib. Gregorio Torres Quintero Planta baja 26 HD69 P7.5 D6.2 198195 31/12/2020 1 Libro